000 00777nam 22002173 4500
001 201124
010 _a972-744-057/6
021 _aPT
_b187767/02
090 _a201124
100 _a20260310d u||y0pory50 ba
200 _aA cultura operária em Portugal : teatro e socialismo durante a primeira república (1910-1926)
_fBeatriz Peralta García
210 _aCascais
_cPatrimonia
_d2002
215 _a291 p.
_cbrochado
_d24 cm
225 _aPatrimonia historica. Série dissertações
300 _aDissertação de doutoramento apresentada e aprovada na Universidade de Salamanca em 2000
606 _91790
_aTeatro. Representação teatral
675 _a792
_vPT
_zpor
700 _916762
_aGarcía
_bBeatriz Peralta
801 _aPT
_bBMMN
_gRPC
830 _cVanda
990 _cLIVROS